| 000 | 00680nam a2200229Ia 4500 | ||
|---|---|---|---|
| 005 | 20260601193300.0 | ||
| 008 | 260601s9999||||xx |||||||||||||| ||und|| | ||
| 020 |
_a978-3-031-73083-2 _qebk |
||
| 100 | _aKlaus Drechsler | ||
| 245 | 0 | _aClinical Image-Based Procedures | |
| 250 | _a2024 | ||
| 260 |
_aHeidelberg, Germany _bSpringer Nature _c2024 |
||
| 440 | _aLecture Notes in Computer Science | ||
| 650 | _aComputer Science | ||
| 700 | _aCristina Oyarzun Laura | ||
| 700 | _aMarius Erdt | ||
| 700 | _aMoti Freiman | ||
| 700 | _aStefan Wesarg | ||
| 700 | _aYufei Chen | ||
| 856 | _uhttps://link.springer.com/openurl?genre=book&isbn=978-3-031-73083-2 | ||
| 942 |
_cEB _2ddc |
||
| 999 |
_c56991 _d56991 |
||